000
00224nam a22000857a 4500
008
160915b xxu||||| |||| 00| 0 eng d
100
_9
513
_a
Wadhwa.K
245
_a
Mathematics Lab-7
260
_a
New Delhi
_b
Dhanpat Publications
_c
2012
999
_c
3170
_d
3170